000 00393nam a2200145Ia 4500
008 230917s9999||||xx |||||||||||||| ||und||
040 _e80731
_aMAIN
041 _aEnglish
082 _a346.03 S64I
100 _aSinha, Balbir Sahai
245 0 _aintroduction to law of torts: through Indian cases
260 _aLucknow
_bEastern Book Company
_c1969
300 _axlvi, 244 p.
942 _cBK
999 _c204347
_d204347